| 000 | 00355nam a2200145 a 4500 | ||
|---|---|---|---|
| 008 | 961015s1972||||xx 0 und c | ||
| 040 |
_aSNK _bslo _cSNK _eAACR2 |
||
| 100 | 1 | _aLommel, Andreas | |
| 245 | 1 | 0 | _aPrehistorické a primitívne umenie |
| 260 |
_aBratislava _bPallas _c1972 |
||
| 300 | _a183 s. | ||
| 044 |
_axo _cSK |
||
| 041 | _aslo | ||
| 020 | _c95 | ||
| 999 |
_c14967 _d14967 |
||